00563nam a22001937a 4500003000400000008004100004082001700045100001500062245012300077260006800200300000900268502001700277650001700294650001300311650001200324650001100336650001100347650001100358OSt260430b |||||||| |||| 00| 0 eng d a634.44bA27S aAjit Kumar aStudies on Budding and Grafting Methods in the Propagation of Mango (Mangifera indica L.) Cv. Langra / cby Ajit Kumar a.- Sabour, Bhagalpurb: Bihar Agricultural College, RAUc, 2007 a52p. bM. Sc.d2007 aHorticulture aPomology aMangoes aLangra aThesis aM. Sc.